00351nam a2200121Ia 4500008004100000245008800041260001700129260000900146300000900155650002300164650001200187856003000199170516s9999 xx 000 0 und d aEarly Diagnosis of Brain Metastases Using a Biofluids-Metabolomics Approach in Mice bTheranostics c2016 a6:12 xMedical Technology xMedtech uhttp://www.thno.org/v6i12